Reforma policial en Amércia Latina /
Saved in:
| Main Author: | |
|---|---|
| Format: | Text |
| Subjects: | |
| Tags: |
Add Tag
No Tags, Be the first to tag this record!
|
MARC
| LEADER | 00000 a a2200000 04500 | ||
|---|---|---|---|
| 001 | 13185 | ||
| 003 | |||
| 040 | |||
| 100 | |a Dammert, Lucía | ||
| 245 | |a Reforma policial en Amércia Latina / |c Lucía Dammert | ||
| 500 | |a Resumen también en inglés | ||
| 650 | |a POLICIA | ||
| 650 | |a ADMINISTRACION DE JUSTICIA | ||
| 650 | |a VIOLENCIA | ||
| 650 | |a CIUDADANIA | ||
| 650 | |a REPRESION | ||
| 650 | |a CORRUPCION | ||
| 650 | |a DEMOCRACIA | ||
| 773 | |g número 12 otoño; páginas 53-64 | ||
| 999 | |c 38669 |d 38669 | ||
